| 000 | 00476nam a2200169Ia 4500 | ||
|---|---|---|---|
| 008 | 121009t2004 xxu||||| |||| 00| 0 sin d | ||
| 041 | _asin | ||
| 080 |
_aX8S1 _bRAJ |
||
| 100 | _aAriya Rajakaruna | ||
| 245 | _aසිංහල කාව්ය සංග්රහය | ||
| 246 | _aSinhala Kavya Sangrahaya | ||
| 260 |
_bM.D.Gunasena Samagama _aColombo 11 _c2004 |
||
| 300 | _b192p., 18 cm | ||
| 942 | _cBK | ||
| 999 |
_c76830 _d76830 |
||
| 003 | LK-CoDNM | ||
| 040 |
_aLK-CoDNM _dLK-CoDNM _eLK-CoDNM |
||